[Event "25. Torneo Colllado Villalba"]
[Site "Collado Villalba ESP"]
[Date "2008.08.26"]
[Round "5.6"]
[White "Rodriguez Lopez, Rafael"]
[Black "Dgebuadze, Alexandre"]
[Result "1-0"]
[WhiteElo "2312"]
[BlackElo "2562"]
[PlyCount "113"]
[EventDate "2008.08.22"]
[EventType "swiss"]
[EventRounds "9"]
[EventCountry "ESP"]
[Source "lmi"]
[SourceDate "2008.08.22"]

1. d4 e6 2. Nf3 Nf6 3. c4 b6 4. g3 Bb4+ 5. Bd2 Be7 6. Bg2 Bb7 7. O-O c5 8. Nc3
cxd4 9. Nxd4 Bxg2 10. Kxg2 Qc8 11. b3 Nc6 12. Nxc6 Qxc6+ 13. f3 O-O 14. e4 d5
15. cxd5 exd5 16. Nxd5 Nxd5 17. exd5 Qxd5 18. Be3 Qa5 19. Qe1 Bb4 20. Qf2 Rfe8
21. Rfd1 Re6 22. Bd2 Rae8 23. Bxb4 Qxb4 24. Kg1 Re2 25. Qxe2 Rxe2 26. Rd8+ Qf8
27. Rxf8+ Kxf8 28. a4 Ke7 29. Rc1 Kd6 30. Rd1+ Ke6 31. Rc1 Kd6 32. Rd1+ Kc6 33.
Rc1+ Kb7 34. Rd1 Re7 35. Kf2 Kc6 36. Rc1+ Kd5 37. b4 Kd4 38. a5 Kd3 39. axb6
axb6 40. g4 Re2+ 41. Kg3 Re7 42. b5 Re5 43. Rc7 h5 44. Rxf7 hxg4 45. fxg4 Rxb5
46. Rxg7 Rb1 47. Kf4 b5 48. Rd7+ Kc3 49. h4 b4 50. g5 b3 51. Rb7 b2 52. g6 Rf1+
53. Kg5 Rg1+ 54. Kh6 Rg4 55. Rxb2 Kxb2 56. h5 Kc3 57. g7 1-0

[Event "25. Torneo Colllado Villalba"]
[Site "Collado Villalba ESP"]
[Date "2008.08.26"]
[Round "5.7"]
[White "Ibañez Aullana, Jose Ramon"]
[Black "Suba, Mihai"]
[Result "0-1"]
[WhiteElo "2301"]
[BlackElo "2507"]
[PlyCount "120"]
[EventDate "2008.08.22"]
[EventType "swiss"]
[EventRounds "9"]
[EventCountry "ESP"]
[Source "lmi"]
[SourceDate "2008.08.22"]

1. e4 c5 2. c3 d5 3. exd5 Qxd5 4. d4 Nf6 5. Nf3 e6 6. Be3 cxd4 7. cxd4 Nc6 8.
a3 Be7 9. Nc3 Qd8 10. Bd3 O-O 11. O-O b6 12. Qe2 Bb7 13. Rad1 Rc8 14. Bg5 Re8
15. Rfe1 g6 16. h4 Nd5 17. Nxd5 exd5 18. Qd2 f6 19. Bh6 Qd7 20. Qf4 Bf8 21. h5
Bxh6 22. Qxh6 Qg7 23. Qf4 gxh5 24. Nh4 Ne7 25. Rxe7 Rxe7 26. Nf5 Qf8 27. Nxe7+
Qxe7 28. Bf5 Rc7 29. Rd3 Bc8 30. Re3 Qd8 31. Bxc8 Rxc8 32. Qf5 Kh8 33. Re6 Kg7
34. Qxh5 Rc1+ 35. Kh2 Qc7+ 36. g3 Qf7 37. Qg4+ Qg6 38. Re7+ Kf8 39. Qxg6 hxg6
40. Rxa7 Rc2 41. b4 Rxf2+ 42. Kh3 Ra2 43. a4 Rb2 44. b5 Rb4 45. Kg2 Ke8 46. Kf3
Rxd4 47. Ke3 Rc4 48. Kd3 g5 49. Ke3 f5 50. Kf3 Rc3+ 51. Kg2 g4 52. Kf2 d4 53.
Ra6 Ra3 54. Ke2 Rxg3 55. Rxb6 Ra3 56. Ra6 g3 57. Rg6 f4 58. Kf1 d3 59. Ke1 Ra1+
60. Kd2 g2 0-1

[Event "25. Torneo Colllado Villalba"]
[Site "Collado Villalba ESP"]
[Date "2008.08.26"]
[Round "5.8"]
[White "Sanchez Gonzalez, Sergio"]
[Black "Pogorelov, Ruslan"]
[Result "1/2-1/2"]
[WhiteElo "2228"]
[BlackElo "2459"]
[PlyCount "80"]
[EventDate "2008.08.22"]
[EventType "swiss"]
[EventRounds "9"]
[EventCountry "ESP"]
[Source "lmi"]
[SourceDate "2008.08.22"]

1. d4 Nf6 2. c4 e6 3. Nc3 Bb4 4. e3 O-O 5. Bd3 c5 6. Nf3 d6 7. O-O Bxc3 8. bxc3
Nc6 9. Nd2 e5 10. d5 Ne7 11. a4 a5 12. e4 Ne8 13. f4 exf4 14. Rxf4 Ng6 15. Rf1
Nf6 16. Nf3 Nd7 17. Qe1 Nde5 18. Nxe5 Nxe5 19. Qg3 f6 20. Bf4 b6 21. Bxe5 fxe5
22. Rxf8+ Qxf8 23. Be2 Qf4 24. Qd3 Bd7 25. Rf1 Qg5 26. Qf3 Qg6 27. Bd1 h6 28.
Qf2 Kh8 29. Qh4 Qg5 30. Qxg5 hxg5 31. Rf2 Kh7 32. Rb2 Rb8 33. Kf2 Kg6 34. Ke3
Kf6 35. g3 Ke7 36. Rf2 Rh8 37. Bc2 Be8 38. Bd1 Bd7 39. Rb2 Rb8 40. Rf2 Rh8
1/2-1/2

[Event "25. Torneo Colllado Villalba"]
[Site "Collado Villalba ESP"]
[Date "2008.08.26"]
[Round "5.9"]
[White "Pozo Vera, Sandro"]
[Black "Perez Gonzalez, Jose Manuel"]
[Result "1/2-1/2"]
[WhiteElo "2454"]
[BlackElo "2255"]
[PlyCount "51"]
[EventDate "2008.08.22"]
[EventType "swiss"]
[EventRounds "9"]
[EventCountry "ESP"]
[Source "lmi"]
[SourceDate "2008.08.22"]

1. d4 Nf6 2. Nf3 g6 3. c4 c5 4. e3 cxd4 5. exd4 d5 6. Nc3 Bg7 7. Bg5 dxc4 8.
Bxc4 O-O 9. h3 a6 10. a3 b5 11. Ba2 Bb7 12. O-O Nbd7 13. Re1 Nb6 14. Qe2 e6 15.
Rad1 Qd6 16. Ne5 Nbd5 17. Nxd5 Bxd5 18. Bb1 Rac8 19. h4 Ba8 20. Bxf6 Bxf6 21.
h5 Bxe5 22. dxe5 Qe7 23. hxg6 hxg6 24. Rd4 Kg7 25. Red1 Rfd8 26. Rxd8 1/2-1/2

[Event "25. Torneo Colllado Villalba"]
[Site "Collado Villalba ESP"]
[Date "2008.08.26"]
[Round "5.11"]
[White "Martinez De Miguel, Pedro"]
[Black "Sriram, Jha"]
[Result "1/2-1/2"]
[WhiteElo "2172"]
[BlackElo "2429"]
[PlyCount "90"]
[EventDate "2008.08.22"]
[EventType "swiss"]
[EventRounds "9"]
[EventCountry "ESP"]
[Source "lmi"]
[SourceDate "2008.08.22"]

1. e4 e5 2. Nf3 Nc6 3. Nc3 Nf6 4. d4 exd4 5. Nxd4 Bb4 6. Nxc6 bxc6 7. Bd3 d5 8.
exd5 O-O 9. O-O cxd5 10. Bg5 c6 11. Qf3 Re8 12. Rae1 Be7 13. h3 h6 14. Bf4 Be6
15. Ne2 c5 16. Be5 Nd7 17. Bh2 Bf6 18. b3 Ne5 19. Bxe5 Bxe5 20. Nf4 Qf6 21.
Nxe6 Qxf3 22. gxf3 Rxe6 23. Bf5 Re7 24. Re3 d4 25. Ree1 Rae8 26. Kg2 g6 27. Bd3
Bc7 28. Rxe7 Rxe7 29. Rb1 Ba5 30. a3 Rb7 31. f4 f5 32. Kf3 Kg7 33. Bc4 Bd2 34.
Rd1 Bc3 35. Rg1 Kf6 36. h4 Re7 37. Bd3 Ba5 38. Rb1 Rb7 39. Rg1 Bc3 40. Bc4 Bb2
41. a4 Bc3 42. Bd3 Re7 43. Bc4 Ba5 44. Bd3 Bc7 45. Rb1 Bd6 1/2-1/2

[Event "25. Torneo Colllado Villalba"]
[Site "Collado Villalba ESP"]
[Date "2008.08.26"]
[Round "5.12"]
[White "Tejedor Ariza, Francisco"]
[Black "Vassallo Barrochz, Mauricio"]
[Result "0-1"]
[WhiteElo "2010"]
[BlackElo "2398"]
[PlyCount "110"]
[EventDate "2008.08.22"]
[EventType "swiss"]
[EventRounds "9"]
[EventCountry "ESP"]
[Source "lmi"]
[SourceDate "2008.08.22"]

1. e4 g6 2. Nf3 Bg7 3. d4 d6 4. Be3 c6 5. c4 Nf6 6. Nc3 O-O 7. h3 a6 8. Bd3 b5
9. a3 Nbd7 10. O-O bxc4 11. Bxc4 d5 12. exd5 Nb6 13. Bd3 Nbxd5 14. Nxd5 Nxd5
15. Rc1 Qd6 16. Qc2 Bd7 17. Qc5 a5 18. b3 Rfb8 19. Qxd6 exd6 20. Nd2 f5 21. Bc4
Be6 22. Rfe1 Bf7 23. Rb1 Kf8 24. Bxd5 Bxd5 25. Nc4 a4 26. Bf4 Rxb3 27. Bxd6+
Kg8 28. Ne5 Rd8 29. Bc7 Rc8 30. Rxb3 axb3 31. Bd6 Be4 32. Nc4 Bxd4 33. Bf4 Ra8
34. Bc1 Bd5 35. Rd1 Bc5 36. Ne3 Bxa3 37. Nxd5 cxd5 38. Bxa3 Rxa3 39. Rb1 Kf7
40. Kf1 d4 41. Ke2 Ke6 42. Kd3 Kd5 43. g3 g5 44. Rb2 Kc5 45. f4 gxf4 46. gxf4
Kb4 47. Kxd4 Ra2 48. Rb1 Re2 49. Ra1 b2 50. Ra8 Re4+ 51. Kd3 Kb3 52. Rb8+ Rb4
53. Rxb4+ Kxb4 54. Kc2 Ka3 55. Kb1 Kb3 0-1

[Event "25. Torneo Colllado Villalba"]
[Site "Collado Villalba ESP"]
[Date "2008.08.26"]
[Round "5.13"]
[White "Castejon Caballero, Andres"]
[Black "Serrano Salvador, Eduardo"]
[Result "1/2-1/2"]
[WhiteElo "1993"]
[BlackElo "2341"]
[PlyCount "51"]
[EventDate "2008.08.22"]
[EventType "swiss"]
[EventRounds "9"]
[EventCountry "ESP"]
[Source "lmi"]
[SourceDate "2008.08.22"]

1. e4 c5 2. Nf3 e6 3. d4 cxd4 4. Nxd4 a6 5. Nc3 Nc6 6. Nxc6 bxc6 7. Bd3 Nf6 8.
O-O d5 9. Re1 Be7 10. e5 Nd7 11. Qg4 g6 12. Bh6 Rb8 13. Qh3 Rb4 14. f4 Nc5 15.
Bg7 Nxd3 16. cxd3 Rg8 17. Qxh7 Rxg7 18. Qxg7 Rxb2 19. Qh8+ Bf8 20. Rab1 Qb6+
21. Kh1 Qf2 22. Rg1 Rxb1 23. Rxb1 Qc2 24. h3 Qxc3 25. Rb8 Qe1+ 26. Kh2 1/2-1/2

[Event "25. Torneo Colllado Villalba"]
[Site "Collado Villalba ESP"]
[Date "2008.08.26"]
[Round "5.14"]
[White "Elissalt Cardenas, Hector"]
[Black "Cao Armillas, Jesus"]
[Result "0-1"]
[WhiteElo "2329"]
[BlackElo "2170"]
[PlyCount "70"]
[EventDate "2008.08.22"]
[EventType "swiss"]
[EventRounds "9"]
[EventCountry "ESP"]
[Source "lmi"]
[SourceDate "2008.08.22"]

1. d4 Nf6 2. Nf3 e6 3. e3 c5 4. Bd3 b6 5. Nbd2 Bb7 6. O-O d5 7. c3 Bd6 8. Qe2
O-O 9. dxc5 bxc5 10. e4 Be7 11. e5 Nfd7 12. Re1 Re8 13. c4 Nf8 14. Nf1 Nc6 15.
Bd2 dxc4 16. Bxc4 Nd4 17. Nxd4 cxd4 18. Bd3 Rb8 19. b4 Ng6 20. Qh5 Qd5 21. f3
f5 22. Bc2 Qd8 23. Bb3 Bd5 24. Rab1 Qd7 25. Bxd5 Qxd5 26. f4 Rec8 27. g3 Qxa2
28. Qf3 Qa6 29. Rec1 Qb5 30. Qb3 Kf7 31. g4 Nh4 32. Be1 Qe2 33. Bxh4 Bxh4 34.
gxf5 Bf2+ 35. Kg2 Be1+ 0-1

[Event "25. Torneo Colllado Villalba"]
[Site "Collado Villalba ESP"]
[Date "2008.08.26"]
[Round "5.15"]
[White "Guerra Bastida, Diego"]
[Black "Semprun Martinez, Fernando"]
[Result "1-0"]
[WhiteElo "2402"]
[BlackElo "2143"]
[PlyCount "95"]
[EventDate "2008.08.22"]
[EventType "swiss"]
[EventRounds "9"]
[EventCountry "ESP"]
[Source "lmi"]
[SourceDate "2008.08.22"]

1. e4 c5 2. Nf3 e6 3. d4 cxd4 4. Nxd4 Nf6 5. Nc3 d6 6. f4 Nc6 7. Be3 Be7 8. Qf3
Qc7 9. O-O-O O-O 10. g4 Nxd4 11. Rxd4 e5 12. Rc4 Bxg4 13. Qg3 Qd7 14. f5 d5 15.
exd5 Bxf5 16. Rg1 Bg6 17. h4 b5 18. Bh3 Qb7 19. Bg2 Bd6 20. Rc6 Rad8 21. Bg5
Nh5 22. Qf2 f6 23. Be3 f5 24. Bc5 b4 25. Ne2 Qe7 26. Rxd6 Rxd6 27. Bxb4 Rc8 28.
Nc3 a5 29. Ba3 Qd7 30. Qe1 e4 31. Bf1 Rxd5 32. Nxd5 Qxd5 33. b3 Qe5 34. Bb2 Qc7
35. Bc4+ Bf7 36. Bxf7+ Qxf7 37. Kb1 Nf6 38. Qxa5 Ng4 39. Rf1 f4 40. Qg5 Qd7 41.
Qxf4 e3 42. Qf3 h5 43. Rd1 Qe6 44. Qb7 Nf6 45. Rg1 Qd7 46. Qxd7 Nxd7 47. Rxg7+
Kf8 48. Rxd7 1-0

[Event "25. Torneo Colllado Villalba"]
[Site "Collado Villalba ESP"]
[Date "2008.08.26"]
[Round "5.16"]
[White "Perez De Aranda A, Leonardo I"]
[Black "Ponce Lopez, Miguel"]
[Result "1-0"]
[WhiteElo "2233"]
[BlackElo "2170"]
[PlyCount "65"]
[EventDate "2008.08.22"]
[EventType "swiss"]
[EventRounds "9"]
[EventCountry "ESP"]
[Source "lmi"]
[SourceDate "2008.08.22"]

1. e4 e5 2. Nf3 Nc6 3. Bb5 a6 4. Ba4 Nf6 5. O-O b5 6. Bb3 Be7 7. Re1 O-O 8. a4
Bb7 9. d3 d6 10. c3 Na5 11. Bc2 c5 12. Nbd2 Qc7 13. Nf1 Rfe8 14. Bg5 h6 15. Bh4
d5 16. Bg3 Bd6 17. Nh4 dxe4 18. dxe4 g6 19. Ne3 Rad8 20. axb5 axb5 21. Ng4 Nxg4
22. Qxg4 Bc8 23. Qe2 c4 24. h3 Be6 25. Nf3 Nc6 26. Qe3 Kg7 27. Ra6 Bc8 28. Rb6
Nd4 29. Nxd4 Bc5 30. Rxb5 Rxd4 31. cxd4 Bxd4 32. Qxd4 exd4 33. Bxc7 1-0

[Event "25. Torneo Colllado Villalba"]
[Site "Collado Villalba ESP"]
[Date "2008.08.26"]
[Round "5.18"]
[White "Baldwin del Castillo, Ricardo"]
[Black "Baigorri Navarro, Fco  Javier"]
[Result "1-0"]
[WhiteElo "2045"]
[BlackElo "2178"]
[PlyCount "97"]
[EventDate "2008.08.22"]
[EventType "swiss"]
[EventRounds "9"]
[EventCountry "ESP"]
[Source "lmi"]
[SourceDate "2008.08.22"]

1. c4 e6 2. g3 d5 3. Bg2 Nf6 4. Nf3 Be7 5. a3 O-O 6. Qc2 c6 7. O-O Nbd7 8. d4
b6 9. cxd5 cxd5 10. Bf4 Ba6 11. b4 Rc8 12. Qb2 b5 13. Nbd2 Nb6 14. Rfc1 Na4 15.
Qb3 Bb7 16. Ne5 Qb6 17. Be3 h6 18. Nd3 Ng4 19. Nc5 Nxe3 20. Qxe3 Rfd8 21. Rc2
a5 22. Ndb3 axb4 23. axb4 Nxc5 24. Nxc5 Bf6 25. Rac1 Ra8 26. f4 Bc8 27. Qd2 Ra3
28. e3 Bd7 29. Bf1 Be8 30. Ra2 Rda8 31. Rca1 Rxa2 32. Rxa2 Rb8 33. Ra6 Qd8 34.
Qa2 g5 35. Bh3 Be7 36. Qa1 Bd6 37. f5 exf5 38. Bxf5 Qe7 39. Qc3 h5 40. Bc2 h4
41. Qd3 Qf6 42. Qh7+ Kf8 43. Bf5 hxg3 44. hxg3 Ke7 45. Ra7+ Kf8 46. Ne6+ fxe6
47. Bxe6 Bd7 48. Qg8+ Ke7 49. Rxd7# 1-0

[Event "25. Torneo Colllado Villalba"]
[Site "Collado Villalba ESP"]
[Date "2008.08.26"]
[Round "5.19"]
[White "Prieto Martin, Alfonso"]
[Black "Saez Gabikagogeaskoa, Oscar"]
[Result "1-0"]
[WhiteElo "2175"]
[BlackElo "2014"]
[PlyCount "83"]
[EventDate "2008.08.22"]
[EventType "swiss"]
[EventRounds "9"]
[EventCountry "ESP"]
[Source "lmi"]
[SourceDate "2008.08.22"]

1. e4 c5 2. Nf3 Nc6 3. Bb5 g6 4. O-O Bg7 5. c3 Nf6 6. Re1 O-O 7. d4 d5 8. e5
Ne4 9. Nbd2 cxd4 10. cxd4 Qb6 11. Bxc6 bxc6 12. Nxe4 dxe4 13. Rxe4 Be6 14. Rh4
f6 15. Qe2 Qb5 16. Qe3 Bf5 17. Qc3 Qd3 18. Qxd3 Bxd3 19. Bh6 Rab8 20. b3 Bxh6
21. Rxh6 Be4 22. Rh3 g5 23. Nd2 Bd5 24. Nf1 fxe5 25. dxe5 Rf5 26. Re1 Rbf8 27.
Re2 c5 28. Rc3 Rc8 29. Nd2 a5 30. Nc4 Bxc4 31. Rxc4 Rd8 32. g4 Rf4 33. Rxf4
gxf4 34. Re4 f3 35. h3 Rd1+ 36. Kh2 Rd2 37. Kg3 Rxa2 38. Ra4 Rxa4 39. bxa4 Kf7
40. Kxf3 Ke6 41. Ke4 Kd7 42. Kd5 1-0

[Event "25. Torneo Colllado Villalba"]
[Site "Collado Villalba ESP"]
[Date "2008.08.26"]
[Round "5.20"]
[White "Villanueva Arguinberri, Bruno"]
[Black "Martinez Rodriguez, Pablo"]
[Result "0-1"]
[WhiteElo "1981"]
[BlackElo "2244"]
[PlyCount "96"]
[EventDate "2008.08.22"]
[EventType "swiss"]
[EventRounds "9"]
[EventCountry "ESP"]
[Source "lmi"]
[SourceDate "2008.08.22"]

1. d4 Nf6 2. Nf3 c5 3. e3 g6 4. Nbd2 Bg7 5. c3 b6 6. Bd3 O-O 7. O-O d5 8. Ne5
Bb7 9. f4 e6 10. g4 Ne4 11. Qe1 f6 12. Nef3 Nd7 13. Nh4 Qe7 14. Rf3 g5 15. Ng2
f5 16. gxf5 g4 17. f6 Bxf6 18. Rf1 Kh8 19. Bxe4 dxe4 20. a4 a5 21. Nc4 Rg8 22.
b3 Ba6 23. Ba3 Qg7 24. f5 e5 25. dxc5 Nxc5 26. Bxc5 bxc5 27. Qg3 Bxc4 28. bxc4
Qf7 29. Rab1 Rab8 30. Rxb8 Rxb8 31. Qxg4 Qxc4 32. Qh5 Rg8 33. h4 Qxa4 34. Qh6
Bg7 35. Qb6 Qa2 36. Rf2 Qf7 37. Qxc5 Bf6 38. Qxa5 Qg7 39. Kf1 Qb7 40. Qa2 Qb5+
41. c4 Qc6 42. Qb3 Rc8 43. Rc2 Qd7 44. c5 Qd1+ 45. Kf2 Rg8 46. Rb2 Bxh4+ 47.
Nxh4 Qg1+ 48. Ke2 Qh2+ 0-1

[Event "25. Torneo Colllado Villalba"]
[Site "Collado Villalba ESP"]
[Date "2008.08.27"]
[Round "6.1"]
[White "Vazquez Igarza, Renier"]
[Black "Petkov, Vladimir"]
[Result "1-0"]
[WhiteElo "2540"]
[BlackElo "2423"]
[PlyCount "81"]
[EventDate "2008.08.22"]
[EventType "swiss"]
[EventRounds "9"]
[EventCountry "ESP"]
[Source "lmi"]
[SourceDate "2008.08.22"]

1. d4 Nf6 2. c4 e6 3. Nc3 Bb4 4. e3 O-O 5. Bd3 d5 6. Nf3 c5 7. O-O Nc6 8. a3
Bxc3 9. bxc3 Qc7 10. Bb2 Na5 11. cxd5 exd5 12. Ne5 c4 13. Bc2 Ne4 14. f3 Nd6
15. a4 f6 16. Ba3 Re8 17. Bxd6 Qxd6 18. f4 g6 19. Nxg6 hxg6 20. Bxg6 Rxe3 21.
Qh5 Qe7 22. Qxd5+ Kg7 23. Qh5 Be6 24. Rae1 Bg8 25. Kf2 Rxe1 26. Rxe1 Qd6 27.
Kg1 Nc6 28. Bb1 Ne7 29. Re3 Rd8 30. h3 b6 31. Rg3+ Kf8 32. Bg6 Qxf4 33. Rf3
Qc1+ 34. Kh2 Kg7 35. Be4 Qd2 36. Qh4 Rf8 37. Qg4+ Kf7 38. Qd7 Qe1 39. Rf4 Qe3
40. Bd5+ Kg7 41. Re4 1-0

[Event "25. Torneo Colllado Villalba"]
[Site "Collado Villalba ESP"]
[Date "2008.08.27"]
[Round "6.2"]
[White "Moreno Ruiz, Javier"]
[Black "Ortiz Suarez, Isam"]
[Result "0-1"]
[WhiteElo "2470"]
[BlackElo "2392"]
[PlyCount "116"]
[EventDate "2008.08.22"]
[EventType "swiss"]
[EventRounds "9"]
[EventCountry "ESP"]
[Source "lmi"]
[SourceDate "2008.08.22"]

1. d4 g6 2. e4 d6 3. c4 c5 4. d5 e5 5. Be2 h5 6. Nf3 h4 7. O-O Be7 8. Nc3 Na6
9. Ne1 g5 10. Bg4 Bxg4 11. Qxg4 Nf6 12. Qe2 Nh5 13. g4 hxg3 14. fxg3 Qd7 15.
Nc2 Rh7 16. Ne3 O-O-O 17. Nf5 Kb8 18. a3 Rdh8 19. Rf2 Ng7 20. Bd2 Bd8 21. Raf1
Ne8 22. Ne3 f6 23. Ng4 Ka8 24. Nd1 Qa4 25. Nde3 Nb8 26. Qd1 Qa6 27. Qb3 Nd7 28.
Qb5 Qxb5 29. cxb5 a6 30. bxa6 b5 31. a4 b4 32. Nc4 Nb6 33. Na5 Nd7 34. Nc6 Bb6
35. a5 Bc7 36. b3 Nb8 37. Nxb8 Kxb8 38. Nxf6 Nxf6 39. Rxf6 Rxh2 40. Rf8+ Ka7
41. Rxh8 Rxh8 42. Rf7 Rc8 43. Bxg5 Kxa6 44. Kf2 c4 45. bxc4 Bxa5 46. Rd7 b3 47.
Rxd6+ Bb6+ 48. Be3 Rb8 49. Rxb6+ Rxb6 50. Bc1 b2 51. Bxb2 Rxb2+ 52. Kf3 Kb6 53.
Kg4 Rf2 54. Kg5 Kc5 55. g4 Kxc4 56. Kg6 Kd4 57. g5 Kxe4 58. d6 Rd2 0-1

[Event "25. Torneo Colllado Villalba"]
[Site "Collado Villalba ESP"]
[Date "2008.08.27"]
[Round "6.4"]
[White "Vassallo Barrochz, Mauricio"]
[Black "Guliev, Logman"]
[Result "0-1"]
[WhiteElo "2398"]
[BlackElo "2436"]
[PlyCount "56"]
[EventDate "2008.08.22"]
[EventType "swiss"]
[EventRounds "9"]
[EventCountry "ESP"]
[Source "lmi"]
[SourceDate "2008.08.22"]

1. d4 Nf6 2. Nf3 e6 3. c4 Bb4+ 4. Nbd2 O-O 5. e3 d5 6. a3 Be7 7. Bd3 Nbd7 8. b3
b6 9. O-O Bb7 10. Bb2 c5 11. Qe2 Qc7 12. Rac1 Rad8 13. Rfd1 Qb8 14. Ne5 dxc4
15. bxc4 cxd4 16. exd4 Nxe5 17. dxe5 Nd7 18. Rc3 g6 19. f4 Bc5+ 20. Kh1 Bd4 21.
Bc2 Nc5 22. Rf1 Rd7 23. Nb3 Bxc3 24. Bxc3 Nxb3 25. Bxb3 Rfd8 26. f5 Qa8 27. Bb4
exf5 28. Qe3 Kh8 0-1

[Event "25. Torneo Colllado Villalba"]
[Site "Collado Villalba ESP"]
[Date "2008.08.27"]
[Round "6.6"]
[White "Cao Armillas, Jesus"]
[Black "Gallardo Garcia, Andres"]
[Result "0-1"]
[WhiteElo "2170"]
[BlackElo "2408"]
[PlyCount "108"]
[EventDate "2008.08.22"]
[EventType "swiss"]
[EventRounds "9"]
[EventCountry "ESP"]
[Source "lmi"]
[SourceDate "2008.08.22"]

1. d4 d5 2. c4 c6 3. Nf3 Nf6 4. Nc3 dxc4 5. a4 Bf5 6. e3 e6 7. Bxc4 Bb4 8. O-O
Nbd7 9. Qe2 Bg6 10. Bd3 Bxd3 11. Qxd3 O-O 12. Rd1 Qe7 13. e4 e5 14. dxe5 Nxe5
15. Nxe5 Qxe5 16. f3 Ba5 17. Be3 Rfd8 18. Qc2 h5 19. Ne2 Bc7 20. Bf4 Qe7 21.
Bxc7 Qxc7 22. Qc3 Rd7 23. Qe3 Rad8 24. Nc3 Qa5 25. Rxd7 Rxd7 26. Re1 Qe5 27. h3
Rd4 28. f4 Qc5 29. b3 b6 30. Re2 Kf8 31. Kf2 Ke7 32. Kf1 Qb4 33. g3 Kf8 34. Na2
Qc5 35. Nc3 Qb4 36. Na2 Rd1+ 37. Kf2 Qd6 38. Nc1 Kg8 39. Rc2 Qd7 40. f5 Rd4 41.
Rc4 Rd2+ 42. Kf3 c5 43. Rc3 Rh2 44. Rd3 Qc6 45. Rd8+ Kh7 46. Nd3 Rxh3 47. Nf2
Rh2 48. Nd3 c4 49. bxc4 Qxc4 50. Rd4 Qc2 51. Ne1 Qb1 52. Kf4 Ng4 53. Qc3 Rf2+
54. Nf3 Nh2 0-1

[Event "25. Torneo Colllado Villalba"]
[Site "Collado Villalba ESP"]
[Date "2008.08.27"]
[Round "6.7"]
[White "Serrano Salvador, Eduardo"]
[Black "Babaev, Rashad"]
[Result "1/2-1/2"]
[WhiteElo "2341"]
[BlackElo "2484"]
[PlyCount "28"]
[EventDate "2008.08.22"]
[EventType "swiss"]
[EventRounds "9"]
[EventCountry "ESP"]
[Source "lmi"]
[SourceDate "2008.08.22"]

1. d4 Nf6 2. Nf3 g6 3. c4 Bg7 4. Nc3 O-O 5. Bg5 c5 6. e3 cxd4 7. exd4 Qa5 8.
Bh4 Ne4 9. Qa4 Qxa4 10. Nxa4 g5 11. Bd3 gxh4 12. Bxe4 Na6 13. g3 h3 14. O-O d6
1/2-1/2

[Event "25. Torneo Colllado Villalba"]
[Site "Collado Villalba ESP"]
[Date "2008.08.27"]
[Round "6.9"]
[White "Pogorelov, Ruslan"]
[Black "Perez De Aranda A, Leonardo I"]
[Result "1-0"]
[WhiteElo "2459"]
[BlackElo "2233"]
[PlyCount "77"]
[EventDate "2008.08.22"]
[EventType "swiss"]
[EventRounds "9"]
[EventCountry "ESP"]
[Source "lmi"]
[SourceDate "2008.08.22"]

1. Nf3 c5 2. c4 b6 3. g3 Bb7 4. Bg2 g6 5. d4 cxd4 6. Qxd4 Nf6 7. Nc3 Bg7 8. O-O
Nc6 9. Qf4 Na5 10. Bd2 Rc8 11. b3 d5 12. Rad1 dxc4 13. b4 Nc6 14. Be3 Qc7 15.
Qxc4 O-O 16. Bf4 e5 17. Nxe5 Nxe5 18. Qxc7 Rxc7 19. Bxe5 Bxg2 20. Kxg2 Rc4 21.
Bxf6 Bxf6 22. Nd5 Bb2 23. Rb1 Ba3 24. Rb3 Bc1 25. Rd1 Kg7 26. e3 Rfc8 27. Rdd3
f5 28. a4 Rc2 29. Nf4 Ra2 30. Rd7+ Kh6 31. Rxa7 Rcc2 32. Nh3 Bd2 33. Rd3 Be1
34. Rdd7 g5 35. Rd6+ Kh5 36. Nf4+ gxf4 37. Rxh7+ Kg5 38. gxf4+ Kg4 39. Rg6# 1-0

[Event "25. Torneo Colllado Villalba"]
[Site "Collado Villalba ESP"]
[Date "2008.08.27"]
[Round "6.10"]
[White "Prieto Martin, Alfonso"]
[Black "Pozo Vera, Sandro"]
[Result "0-1"]
[WhiteElo "2175"]
[BlackElo "2454"]
[PlyCount "44"]
[EventDate "2008.08.22"]
[EventType "swiss"]
[EventRounds "9"]
[EventCountry "ESP"]
[Source "lmi"]
[SourceDate "2008.08.22"]

1. e4 c5 2. Nf3 Nc6 3. Bb5 d6 4. O-O Bd7 5. c3 Nf6 6. Re1 a6 7. Bxc6 Bxc6 8. d4
Bxe4 9. Bg5 d5 10. Nbd2 Bg6 11. dxc5 e6 12. Qa4+ Qd7 13. Qh4 Bxc5 14. Ne5 Qe7
15. Nb3 Ba7 16. Nd4 O-O-O 17. Ng4 h6 18. Bxf6 gxf6 19. Qxf6 Qxf6 20. Nxf6 h5
21. Re3 Rh6 22. Rae1 Bxd4 0-1

[Event "25. Torneo Colllado Villalba"]
[Site "Collado Villalba ESP"]
[Date "2008.08.27"]
[Round "6.11"]
[White "Castellanos Rodriguez, Renier"]
[Black "Martinez De Miguel, Pedro"]
[Result "1-0"]
[WhiteElo "2438"]
[BlackElo "2172"]
[PlyCount "61"]
[EventDate "2008.08.22"]
[EventType "swiss"]
[EventRounds "9"]
[EventCountry "ESP"]
[Source "lmi"]
[SourceDate "2008.08.22"]

1. e4 c5 2. Nf3 d6 3. d4 cxd4 4. Nxd4 Nf6 5. Nc3 a6 6. Bg5 e6 7. f4 Be7 8. Qf3
Qc7 9. O-O-O Nbd7 10. g4 b5 11. Bxf6 Nxf6 12. g5 Nd7 13. f5 Ne5 14. Qg3 b4 15.
Nce2 exf5 16. exf5 Bb7 17. Rg1 O-O-O 18. Nf4 g6 19. f6 Bf8 20. Bg2 Qa5 21. Kb1
h6 22. Bxb7+ Kxb7 23. Nb3 Qb5 24. h4 Nc4 25. Qf3+ d5 26. Nxd5 Qc6 27. Rd4 hxg5
28. hxg5 a5 29. Qd3 a4 30. Rxc4 Qxd5 31. Rd4 1-0

[Event "25. Torneo Colllado Villalba"]
[Site "Collado Villalba ESP"]
[Date "2008.08.27"]
[Round "6.13"]
[White "Perez Gonzalez, Jose Manuel"]
[Black "Guerra Bastida, Diego"]
[Result "0-1"]
[WhiteElo "2255"]
[BlackElo "2402"]
[PlyCount "160"]
[EventDate "2008.08.22"]
[EventType "swiss"]
[EventRounds "9"]
[EventCountry "ESP"]
[Source "lmi"]
[SourceDate "2008.08.22"]

1. e4 e5 2. Nf3 Nc6 3. d4 exd4 4. Bc4 Nf6 5. e5 d5 6. Bb5 Nd7 7. O-O Be7 8.
Bxc6 bxc6 9. Nxd4 Nb8 10. Qf3 c5 11. Nf5 Bxf5 12. Qxf5 Qd7 13. Qxd7+ Nxd7 14.
Re1 Rb8 15. b3 O-O 16. Nc3 c6 17. Bf4 Rb4 18. Bg3 f5 19. f4 Re8 20. a3 Rd4 21.
Rad1 Nf8 22. Ne2 Re4 23. Nc3 Rxe1+ 24. Bxe1 Ne6 25. Ne2 h6 26. Bd2 Kf7 27. Rf1
Rd8 28. Rf3 Rb8 29. h3 g6 30. g4 h5 31. g5 Nc7 32. Nc3 Ke6 33. a4 Na6 34. Nd1
Nb4 35. Ne3 Bd8 36. Kg2 a5 37. Kg3 Bb6 38. Bxb4 cxb4 39. Ng2 Bd4 40. Nh4 Rg8
41. Rd3 Bc3 42. Kf3 c5 43. Rd1 Bd4 44. Kg3 Bc3 45. Kf3 Rg7 46. Kf2 Bd4+ 47. Kg3
Be3 48. Ng2 Bd4 49. Nh4 Bb2 50. Kf2 Rg8 51. Kf3 Rc8 52. Nxg6 d4 53. Nh4 c4 54.
g6 d3 55. Rd2 Rd8 56. bxc4 dxc2 57. Rxc2 Ba3 58. Ra2 Rb8 59. g7 Rg8 60. c5 Rxg7
61. Rd2 Rd7 62. Rxd7 Kxd7 63. Ke3 Bc1+ 64. Kd4 b3 65. Kc3 b2 66. Kc2 Bxf4 67.
Nxf5 Bxe5 68. Ne3 Kc6 69. Nc4 Bf6 70. Nxb2 Bxb2 71. Kxb2 Kxc5 72. Ka3 h4 73.
Kb3 Kd4 74. Kb2 Kc4 75. Ka3 Kc3 76. Ka2 Kb4 77. Kb2 Kxa4 78. Ka2 Kb4 79. Kb2
Kc4 80. Ka3 Kd3 0-1